Meister Regionalliga West - Statistiken

Allgemein
  • Dieses Quiz wurde 147 mal gespielt
    14 seit der letzten Aktualisierung
  • Das Durchschnittsergebnis liegt bei 11 aus 14
Antwortstatistiken
Saison Meister % Korrekt
2023/24 Alemannia Aachen
93%
2020/21 Borussia Dortmund II
93%
2025/26 Fortuna Köln
93%
2013/14 Fortuna Köln
93%
2021/22 Rot-Weiss Essen
93%
2018/19 Viktoria Köln
86%
2016/17 Viktoria Köln
86%
2024/25 MSV Duisburg
79%
2014/15 Borussia Mönchengladbach II
71%
2022/23 Preußen Münster
71%
2015/16 Sportfreunde Lotte
57%
2012/13 Sportfreunde Lotte
57%
2017/18 KFC Uerdingen
50%
2019/20 SV Rödinghausen
36%
Keine übereinstimmenden Quizze gefunden
Verteilung der Resultate
Anzahl Personen mit jedem Resultat
Perzentil nach korrekt beantworteten Fragen
Ihre Resultats-Entwicklung
Sie haben dieses Quiz seit der letzten Aktualisierung nicht gespielt